| 000 | 01179nac a22003857a 4500 | ||
|---|---|---|---|
| 001 | BR0003816 | ||
| 003 | BR-BrBNA | ||
| 005 | 20240105122449.0 | ||
| 008 | 230509b bl.|||m| |||| 00| 0 por d | ||
| 040 |
_aBR-BrBNA _bpor _cBiblioteca Nacional de Agricultura |
||
| 072 | _aL72 | ||
| 090 | _a5212 BR0003816 | ||
| 100 | 1 | _aKoller, W.W. | |
| 100 | 1 | _aGomes, A. | |
| 100 | 1 | _aRodrigues, S.R. | |
| 100 | 1 | _aRodrigues, A.C.L. | |
| 100 | 1 | _aPenteado-Dias, A.M. | |
| 100 | 1 | _aMendes, J. | |
| 110 | 1 | _aEMBRAPA Gado de Corte, Campo Grande, MS (Brasil) | |
| 245 | 1 | _aPredadores e parasitoides associados a entomofauna presente em fezes bovinas em areas de pastagens de Campo Grande, MS | |
| 260 | 3 |
_aCampo Grande, MS (Brasil): _c1999. |
|
| 300 | _a5 p. | ||
| 490 |
_aComunicado Tecnico - EMBRAPA Gado de Corte (Brazil) _vno. 58 _xISSN 1516-9308 |
||
| 500 | _a12 ref. | ||
| 650 | _aBovino | ||
| 650 | _aFezes | ||
| 650 | _aPredador | ||
| 650 | _aParasito de Animal | ||
| 650 | _aEntomofauna | ||
| 650 | _aControle Biologico | ||
| 650 | _aPastagem | ||
| 650 | _aMato Grosso do Sul | ||
| 909 |
_a202312 _bLúcia Elande _c55 _dLúcia Elande |
||
| 942 |
_2AGRIS _n0 _cMS |
||
| 999 |
_c291168 _d291168 |
||